<?xml version="1.0" encoding="UTF-8"?>
<record
    xmlns:xsi="http://www.w3.org/2001/XMLSchema-instance"
    xsi:schemaLocation="http://www.loc.gov/MARC21/slim http://www.loc.gov/standards/marcxml/schema/MARC21slim.xsd"
    xmlns="http://www.loc.gov/MARC21/slim">

  <leader>00339pam a2200145a 44500</leader>
  <controlfield tag="008">230405s    xxu||||| |||| 00| 0 eng d</controlfield>
  <datafield tag="041" ind1=" " ind2=" ">
    <subfield code="a">ENG</subfield>
  </datafield>
  <datafield tag="100" ind1=" " ind2=" ">
    <subfield code="a">K. K. PILLAI</subfield>
  </datafield>
  <datafield tag="245" ind1=" " ind2=" ">
    <subfield code="a">EXPERIMENTAL PHARMACOLOGY</subfield>
  </datafield>
  <datafield tag="250" ind1=" " ind2=" ">
    <subfield code="a">1 1999</subfield>
  </datafield>
  <datafield tag="260" ind1=" " ind2=" ">
    <subfield code="a">NEW DELHI</subfield>
    <subfield code="b">CBS PUBLISHERS DELHI</subfield>
    <subfield code="c"></subfield>
  </datafield>
  <datafield tag="300" ind1=" " ind2=" ">
    <subfield code="a">124</subfield>
  </datafield>
  <datafield tag="650" ind1=" " ind2=" ">
    <subfield code="a">PHARMACOLOGY</subfield>
  </datafield>
  <datafield tag="906" ind1=" " ind2=" ">
    <subfield code="a">325</subfield>
  </datafield>
  <datafield tag="999" ind1=" " ind2=" ">
    <subfield code="c">265764</subfield>
    <subfield code="d">265764</subfield>
  </datafield>
  <datafield tag="952" ind1=" " ind2=" ">
    <subfield code="0">0</subfield>
    <subfield code="1">0</subfield>
    <subfield code="4">0</subfield>
    <subfield code="7">0</subfield>
    <subfield code="8">C</subfield>
    <subfield code="a">PCK</subfield>
    <subfield code="b">PCK</subfield>
    <subfield code="d">2023-04-14</subfield>
    <subfield code="e">S K KOTHARI</subfield>
    <subfield code="g">50.00</subfield>
    <subfield code="l">0</subfield>
    <subfield code="o">615</subfield>
    <subfield code="p">PCK-3570</subfield>
    <subfield code="r">2023-04-14 00:00:00</subfield>
    <subfield code="w">2023-04-14</subfield>
    <subfield code="y">BK</subfield>
  </datafield>
  <datafield tag="952" ind1=" " ind2=" ">
    <subfield code="0">0</subfield>
    <subfield code="1">0</subfield>
    <subfield code="4">0</subfield>
    <subfield code="7">0</subfield>
    <subfield code="8">C</subfield>
    <subfield code="a">PCK</subfield>
    <subfield code="b">PCK</subfield>
    <subfield code="d">2023-04-14</subfield>
    <subfield code="e">S K KOTHARI</subfield>
    <subfield code="g">50.00</subfield>
    <subfield code="l">0</subfield>
    <subfield code="o">615</subfield>
    <subfield code="p">PCK-3569</subfield>
    <subfield code="r">2023-04-14 00:00:00</subfield>
    <subfield code="w">2023-04-14</subfield>
    <subfield code="y">BK</subfield>
  </datafield>
  <datafield tag="952" ind1=" " ind2=" ">
    <subfield code="0">0</subfield>
    <subfield code="1">0</subfield>
    <subfield code="4">0</subfield>
    <subfield code="7">0</subfield>
    <subfield code="8">C</subfield>
    <subfield code="a">PCK</subfield>
    <subfield code="b">PCK</subfield>
    <subfield code="d">2023-04-14</subfield>
    <subfield code="e">S K KOTHARI</subfield>
    <subfield code="g">50.00</subfield>
    <subfield code="l">0</subfield>
    <subfield code="o">615</subfield>
    <subfield code="p">PCK-3568</subfield>
    <subfield code="r">2023-04-14 00:00:00</subfield>
    <subfield code="w">2023-04-14</subfield>
    <subfield code="y">BK</subfield>
  </datafield>
  <datafield tag="952" ind1=" " ind2=" ">
    <subfield code="0">0</subfield>
    <subfield code="1">0</subfield>
    <subfield code="4">0</subfield>
    <subfield code="7">0</subfield>
    <subfield code="8">C</subfield>
    <subfield code="a">PCK</subfield>
    <subfield code="b">PCK</subfield>
    <subfield code="d">2023-04-14</subfield>
    <subfield code="e">S K KOTHARI</subfield>
    <subfield code="g">50.00</subfield>
    <subfield code="l">0</subfield>
    <subfield code="o">615</subfield>
    <subfield code="p">PCK-3567</subfield>
    <subfield code="r">2023-04-14 00:00:00</subfield>
    <subfield code="w">2023-04-14</subfield>
    <subfield code="y">BK</subfield>
  </datafield>
  <datafield tag="952" ind1=" " ind2=" ">
    <subfield code="0">0</subfield>
    <subfield code="1">0</subfield>
    <subfield code="4">0</subfield>
    <subfield code="7">0</subfield>
    <subfield code="8">C</subfield>
    <subfield code="a">PCK</subfield>
    <subfield code="b">PCK</subfield>
    <subfield code="d">2023-04-14</subfield>
    <subfield code="e">S K KOTHARI</subfield>
    <subfield code="g">50.00</subfield>
    <subfield code="l">0</subfield>
    <subfield code="o">615</subfield>
    <subfield code="p">PCK-3566</subfield>
    <subfield code="r">2023-04-14 00:00:00</subfield>
    <subfield code="w">2023-04-14</subfield>
    <subfield code="y">BK</subfield>
  </datafield>
  <datafield tag="952" ind1=" " ind2=" ">
    <subfield code="0">0</subfield>
    <subfield code="1">0</subfield>
    <subfield code="4">0</subfield>
    <subfield code="7">0</subfield>
    <subfield code="8">C</subfield>
    <subfield code="a">PCK</subfield>
    <subfield code="b">PCK</subfield>
    <subfield code="d">2023-04-14</subfield>
    <subfield code="e">S K KOTHARI</subfield>
    <subfield code="g">50.00</subfield>
    <subfield code="l">0</subfield>
    <subfield code="o">615</subfield>
    <subfield code="p">PCK-3565</subfield>
    <subfield code="r">2023-04-14 00:00:00</subfield>
    <subfield code="w">2023-04-14</subfield>
    <subfield code="y">BK</subfield>
  </datafield>
  <datafield tag="952" ind1=" " ind2=" ">
    <subfield code="0">0</subfield>
    <subfield code="1">0</subfield>
    <subfield code="4">0</subfield>
    <subfield code="7">0</subfield>
    <subfield code="8">C</subfield>
    <subfield code="a">PCK</subfield>
    <subfield code="b">PCK</subfield>
    <subfield code="d">2023-04-14</subfield>
    <subfield code="e">S K KOTHARI</subfield>
    <subfield code="g">50.00</subfield>
    <subfield code="l">0</subfield>
    <subfield code="o">615</subfield>
    <subfield code="p">PCK-3564</subfield>
    <subfield code="r">2023-04-14 00:00:00</subfield>
    <subfield code="w">2023-04-14</subfield>
    <subfield code="y">BK</subfield>
  </datafield>
  <datafield tag="952" ind1=" " ind2=" ">
    <subfield code="0">0</subfield>
    <subfield code="1">0</subfield>
    <subfield code="4">0</subfield>
    <subfield code="7">0</subfield>
    <subfield code="8">C</subfield>
    <subfield code="a">PCK</subfield>
    <subfield code="b">PCK</subfield>
    <subfield code="d">2023-04-14</subfield>
    <subfield code="e">S K KOTHARI</subfield>
    <subfield code="g">50.00</subfield>
    <subfield code="l">0</subfield>
    <subfield code="o">615</subfield>
    <subfield code="p">PCK-3563</subfield>
    <subfield code="r">2023-04-14 00:00:00</subfield>
    <subfield code="w">2023-04-14</subfield>
    <subfield code="y">BK</subfield>
  </datafield>
  <datafield tag="952" ind1=" " ind2=" ">
    <subfield code="0">0</subfield>
    <subfield code="1">0</subfield>
    <subfield code="4">0</subfield>
    <subfield code="7">0</subfield>
    <subfield code="8">C</subfield>
    <subfield code="a">PCK</subfield>
    <subfield code="b">PCK</subfield>
    <subfield code="d">2023-04-14</subfield>
    <subfield code="e">S K KOTHARI</subfield>
    <subfield code="g">50.00</subfield>
    <subfield code="l">0</subfield>
    <subfield code="o">615</subfield>
    <subfield code="p">PCK-3562</subfield>
    <subfield code="r">2023-04-14 00:00:00</subfield>
    <subfield code="w">2023-04-14</subfield>
    <subfield code="y">BK</subfield>
  </datafield>
  <datafield tag="952" ind1=" " ind2=" ">
    <subfield code="0">0</subfield>
    <subfield code="1">0</subfield>
    <subfield code="4">0</subfield>
    <subfield code="7">0</subfield>
    <subfield code="8">C</subfield>
    <subfield code="a">PCK</subfield>
    <subfield code="b">PCK</subfield>
    <subfield code="d">2023-04-14</subfield>
    <subfield code="e">S K KOTHARI</subfield>
    <subfield code="g">50.00</subfield>
    <subfield code="l">0</subfield>
    <subfield code="o">615</subfield>
    <subfield code="p">PCK-3561</subfield>
    <subfield code="r">2023-04-14 00:00:00</subfield>
    <subfield code="w">2023-04-14</subfield>
    <subfield code="y">BK</subfield>
  </datafield>
  <datafield tag="952" ind1=" " ind2=" ">
    <subfield code="0">0</subfield>
    <subfield code="1">0</subfield>
    <subfield code="4">0</subfield>
    <subfield code="7">0</subfield>
    <subfield code="8">C</subfield>
    <subfield code="a">PCK</subfield>
    <subfield code="b">PCK</subfield>
    <subfield code="d">2023-04-14</subfield>
    <subfield code="e">S K KOTHARI</subfield>
    <subfield code="g">50.00</subfield>
    <subfield code="l">0</subfield>
    <subfield code="o">615</subfield>
    <subfield code="p">PCK-1211</subfield>
    <subfield code="r">2026-02-18 00:00:00</subfield>
    <subfield code="w">2023-04-14</subfield>
    <subfield code="y">BK</subfield>
  </datafield>
  <datafield tag="952" ind1=" " ind2=" ">
    <subfield code="0">0</subfield>
    <subfield code="1">0</subfield>
    <subfield code="4">0</subfield>
    <subfield code="7">0</subfield>
    <subfield code="8">C</subfield>
    <subfield code="a">PCK</subfield>
    <subfield code="b">PCK</subfield>
    <subfield code="d">2023-04-14</subfield>
    <subfield code="e">S K KOTHARI</subfield>
    <subfield code="g">50.00</subfield>
    <subfield code="l">0</subfield>
    <subfield code="o">615</subfield>
    <subfield code="p">PCK-865</subfield>
    <subfield code="r">2023-04-14 00:00:00</subfield>
    <subfield code="w">2023-04-14</subfield>
    <subfield code="y">BK</subfield>
  </datafield>
</record>
